[Event "USCL Week 10"]
[Site "Internet Chess Club"]
[Date "2011.11.02"]
[Round "?"]
[White "Prilleltensky, Matan"]
[Black "Jones, Craig"]
[Result "1-0"]
[WhiteElo "2186"]
[BlackElo "2305"]
[PlyCount "71"]
[EventDate "2011.??.??"]

1. d4 Nf6 2. c4 c5 3. d5 e5 4. Nc3 d6 5. e4 Be7 6. g3 Na6 7. h4 Nc7 8. a4 Bg4
9. Be2 Bxe2 10. Qxe2 Qd7 11. Nf3 O-O 12. Kf1 Na6 13. Kg2 Nb4 14. b3 Qg4 15. h5
Nxh5 16. Nxe5 Qxe2 17. Nxe2 Nf6 18. Nf3 Nxe4 19. Bf4 g5 20. Nd2 Nxd2 21. Bxd2
Bf6 22. Nc3 Rae8 23. Rh6 Kg7 24. Rah1 Rh8 25. Nb5 Nd3 26. Nxd6 Re2 27. Be3 Be5
28. Nf5+ Kf8 29. d6 Ke8 30. d7+ Kxd7 31. Rd1 f6 32. Rxd3+ Ke6 33. Ng7+ Ke7 34.
Bxc5+ Kf7 35. Rd7+ Kg8 36. Nf5 1-0

[Event "USCL Week 10"]
[Site "Internet Chess Club"]
[Date "2011.11.02"]
[Round "?"]
[White "Gu, Christopher"]
[Black "Matlin, Anna"]
[Result "1-0"]
[WhiteElo "2283"]
[BlackElo "2082"]
[PlyCount "141"]
[EventDate "2011.??.??"]

1. Nf3 Nf6 2. c4 g6 3. Nc3 d5 4. cxd5 Nxd5 5. Qc2 Nc6 6. d4 Bg7 7. e4 Ndb4 8.
Qa4 Bd7 9. Qb3 Bxd4 10. Nd5 Nxd5 11. exd5 Na5 12. Qa3 Bb6 13. b4 c6 14. Bd2
cxd5 15. bxa5 Bc7 16. a6 bxa6 17. Bxa6 O-O 18. O-O Rb8 19. Rac1 Bd6 20. Qd3 Bf5
21. Qd4 Qb6 22. Qa4 Qb2 23. Bc3 Qa3 24. Qd4 f6 25. Qxd5+ Kg7 26. Be2 Bf4 27.
Bd2 Rbd8 28. Qa5 Qxa5 29. Bxa5 Rd5 30. Rc4 Rxa5 31. Rxf4 Rxa2 32. Bb5 e5 33.
Rc4 Rf7 34. Rcc1 Rb2 35. Bc4 Rc7 36. Bd5 Rbc2 37. Rxc2 Rxc2 38. Ra1 Rc5 39. Bb3
a5 40. h3 Bd7 41. Ba4 Be6 42. Kf1 Kf7 43. Ke1 Bd5 44. Ra3 Ke6 45. Bb3 Kd6 46.
Bxd5 Kxd5 47. Nd2 Rb5 48. Kd1 f5 49. Kc2 e4 50. Nb3 Kc4 51. Ra4+ Kd5 52. Rxa5
Rxa5 53. Nxa5 f4 54. Kd2 h5 55. Ke2 g5 56. f3 exf3+ 57. Kxf3 Ke5 58. Nc4+ Kf5
59. Nd6+ Ke5 60. Nc4+ Kf5 61. h4 g4+ 62. Kf2 Ke4 63. g3 f3 64. Ne3 Ke5 65. Ke1
Ke4 66. Kd2 Ke5 67. Kd3 Kf6 68. Ke4 Ke6 69. Nd1 Kf6 70. Kf4 Kg6 71. Ke5 1-0

[Event "USCL Week 10"]
[Site "Internet Chess Club"]
[Date "2011.11.02"]
[Round "?"]
[White "Brattain, Mika"]
[Black "Zimmer, Ralph"]
[Result "1/2-1/2"]
[WhiteElo "2208"]
[BlackElo "2280"]
[PlyCount "72"]
[EventDate "2011.??.??"]

1. c4 f5 2. g3 Nf6 3. d4 g6 4. Bg2 Bg7 5. Nf3 d6 6. O-O O-O 7. Nc3 Qe8 8. d5 a5
9. Rb1 Na6 10. Nd4 Bd7 11. a3 c6 12. dxc6 bxc6 13. b4 axb4 14. axb4 Rc8 15. b5
cxb5 16. cxb5 Nc5 17. Nc6 Nfe4 18. Nxe4 Nxe4 19. Bxe4 fxe4 20. Qd5+ Rf7 21. Na7
Rc5 22. Qb7 Bg4 23. Be3 e6 24. Qa6 Bxe2 25. Bxc5 dxc5 26. Rfe1 Bd3 27. Qc6 Qe7
28. b6 Ba6 29. Qxe4 Bd4 30. Qxe6 Bxf2+ 31. Kg2 Bb7+ 32. Kh3 Bxe1 33. Rxe1 Qg5
34. Qe8+ Kg7 35. Qe5+ Qxe5 36. Rxe5 Rf6 1/2-1/2

[Event "USCL Week 10"]
[Site "Internet Chess Club"]
[Date "2011.11.02"]
[Round "?"]
[White "Simpson, Ron"]
[Black "Mandizha, Farai"]
[Result "0-1"]
[WhiteElo "2317"]
[BlackElo "2494"]
[PlyCount "110"]
[EventDate "2011.??.??"]

1. Nf3 Nf6 2. c4 e6 3. g3 b6 4. Bg2 Bb7 5. O-O Be7 6. d4 O-O 7. Nc3 Na6 8. d5
Bb4 9. Ng5 Bxc3 10. bxc3 Nc5 11. e4 d6 12. Be3 h6 13. Bxc5 dxc5 14. Nh3 e5 15.
f4 Qe7 16. Qd3 Ne8 17. Nf2 Nd6 18. fxe5 Qxe5 19. Ng4 Qg5 20. Rf4 h5 21. h4 Qe7
22. e5 hxg4 23. exd6 cxd6 24. Rxg4 Rae8 25. Re4 Qd7 26. Rae1 Ba6 27. Qe3 Re5
28. Rxe5 dxe5 29. Qxe5 Bxc4 30. h5 Qg4 31. h6 gxh6 32. Re4 Qd1+ 33. Kh2 Bd3 34.
Rh4 Qd2 35. Kh3 Bg6 36. Rg4 Kh7 37. Be4 f5 38. Rxg6 Kxg6 39. Qe6+ Kg7 40. Qe5+
Rf6 41. Bxf5 Qg5 42. g4 Qd2 43. c4 Qd4 44. Qe7+ Rf7 45. Qe6 Qc3+ 46. Kg2 Qf6
47. Qe2 Re7 48. Be6 Qd4 49. Kh3 Re8 50. Qf3 Rf8 51. Bf5 Qxc4 52. d6 Qd4 53. Qc6
h5 54. d7 hxg4+ 55. Bxg4 Qe3+ 0-1

[Event "USCL Week 10"]
[Site "Internet Chess Club"]
[Date "2011.11.02"]
[Round "?"]
[White "Hungaski, Robert"]
[Black "Enkhbat, Tegshsuren"]
[Result "1-0"]
[WhiteElo "2621"]
[BlackElo "2426"]
[PlyCount "105"]
[EventDate "2011.??.??"]

1. e4 c6 2. d4 d5 3. exd5 cxd5 4. c4 Nf6 5. Nc3 Nc6 6. Bg5 dxc4 7. Bxc4 h6 8.
Be3 e6 9. Nf3 Bd6 10. O-O O-O 11. Qd2 Re8 12. Rad1 Bf8 13. a3 a6 14. Ba2 Ne7
15. Ne5 b5 16. Qd3 Bb7 17. Bc1 Ned5 18. Ne2 Rc8 19. Bb1 Rc7 20. Qh3 Ne7 21.
Rfe1 Ned5 22. Bd2 b4 23. a4 Nd7 24. Ng3 Nxe5 25. dxe5 Rd7 26. Qg4 f5 27. exf6
Nxf6 28. Qe2 Qa8 29. f3 Bd5 30. Be3 Qc6 31. a5 Bc5 32. Rc1 Bxe3+ 33. Qxe3 Qd6
34. Red1 Qf8 35. Ne2 Rc8 36. Nf4 Rxc1 37. Rxc1 Qd6 38. Nd3 Rc7 39. Rxc7 Qxc7
40. Qc5 Qxc5+ 41. Nxc5 Bc4 42. b3 Bb5 43. Nxe6 Nd5 44. Bg6 Ne7 45. Be4 Nc6 46.
Bxc6 Bxc6 47. Kf2 Bb5 48. Nc7 Bd3 49. Ke3 Bf1 50. g3 Kf7 51. Kd4 Ke7 52. Kc5
Kd7 53. Kb6 1-0

[Event "USCL Week 10"]
[Site "Internet Chess Club"]
[Date "2011.11.02"]
[Round "?"]
[White "Bartholomew, John"]
[Black "Korley, Kassa"]
[Result "1/2-1/2"]
[WhiteElo "2499"]
[BlackElo "2368"]
[PlyCount "117"]
[EventDate "2011.??.??"]

1. d4 Nf6 2. c4 g6 3. Nc3 d5 4. Nf3 Bg7 5. Bf4 c5 6. dxc5 Qa5 7. cxd5 Nxd5 8.
Qxd5 Bxc3+ 9. Bd2 Bxd2+ 10. Qxd2 Qxc5 11. Rc1 Qf5 12. Nd4 Qd7 13. e3 O-O 14.
Bb5 Qd6 15. O-O a6 16. Ba4 Bd7 17. Bxd7 Nxd7 18. Qc3 Rab8 19. Rfd1 Qf6 20. Nb3
Qxc3 21. Rxc3 Nb6 22. Nc5 Rfd8 23. Rxd8+ Rxd8 24. Kf1 Rd2 25. Nxb7 Rxb2 26. Rb3
Rxb3 27. axb3 Kg7 28. Ke2 Kf6 29. Kd3 Ke5 30. Kc3 Nd5+ 31. Kc4 f5 32. Nc5 Nc7
33. Nb7 Nb5 34. Kc5 Nc3 35. Kb6 Nd1 36. Kxa6 Nxf2 37. b4 Nd1 38. b5 Nxe3 39. b6
Nd5 40. Nd8 Nxb6 41. Kxb6 Kd4 42. Ne6+ Ke3 43. Kc5 Kf2 44. Kd4 Kxg2 45. Ke5
Kxh2 46. Kf4 h5 47. Nf8 g5+ 48. Kxg5 Kg3 49. Ng6 e6 50. Nf4 h4 51. Nh5+ Kh3 52.
Nf4+ Kg3 53. Nh5+ Kf3 54. Kxh4 e5 55. Kg5 f4 56. Kf5 e4 57. Nxf4 e3 58. Ke5 e2
59. Nxe2 1/2-1/2

[Event "USCL Quarterfinals"]
[Site "Internet Chess Club"]
[Date "2011.11.07"]
[Round "?"]
[White "Xiong, Jeffery"]
[Black "Schmakel, Sam"]
[Result "0-1"]
[WhiteElo "2237"]
[BlackElo "2190"]
[PlyCount "72"]
[EventDate "2011.??.??"]

1. e4 c5 2. Nf3 d6 3. d4 cxd4 4. Nxd4 Nf6 5. Nc3 a6 6. Bg5 e6 7. f4 Nbd7 8. Qf3
Qc7 9. O-O-O b5 10. Bd3 Bb7 11. Rhe1 Be7 12. Qg3 b4 13. Nd5 exd5 14. exd5 Kd8
15. Nc6+ Bxc6 16. dxc6 Nc5 17. Bh4 Rg8 18. Bxh7 Rh8 19. Qxg7 Rxh7 20. Qxf6 Rxh4
21. Qxf7 Rh8 22. Re5 Rf8 23. Qg7 Na4 24. Re6 Re8 25. Rde1 Ra7 26. f5 Nc5 27.
R6e3 Qxc6 28. f6 Rc7 29. fxe7+ Kc8 30. Qg6 Kb7 31. R1e2 d5 32. Qxc6+ Kxc6 33.
g4 Ne4 34. a3 Rcxe7 35. axb4 Kb5 36. Rd3 Nc5 0-1

[Event "USCL Quarterfinals"]
[Site "Internet Chess Club"]
[Date "2011.11.07"]
[Round "?"]
[White "Kraai, Jesse"]
[Black "Abrahamyan, Tatev"]
[Result "1-0"]
[WhiteElo "2567"]
[BlackElo "2415"]
[PlyCount "53"]
[EventDate "2011.??.??"]

1. Nf3 Nf6 2. d4 g6 3. Bg5 Bg7 4. Nbd2 O-O 5. e4 d6 6. Bd3 Nbd7 7. O-O e5 8. c3
Re8 9. Re1 h6 10. Bh4 c6 11. a4 Qc7 12. a5 Nf8 13. dxe5 dxe5 14. Nc4 Bg4 15. h3
Bxf3 16. Qxf3 Nh5 17. Bc2 Ne6 18. Rad1 Bf8 19. Rd2 Be7 20. Red1 Nf8 21. Bxe7
Rxe7 22. Bb3 b5 23. Nd6 Nf4 24. h4 N4e6 25. Qf6 Ng7 26. Nxf7 Rxf7 27. Rd7 1-0

[Event "USCL Quarterfinals"]
[Site "Internet Chess Club"]
[Date "2011.11.07"]
[Round "?"]
[White "Amanov, Mesgen"]
[Black "Holt, Conrad"]
[Result "0-1"]
[WhiteElo "2576"]
[BlackElo "2520"]
[PlyCount "122"]
[EventDate "2011.??.??"]

1. d4 d5 2. c4 c6 3. cxd5 cxd5 4. Bf4 Nf6 5. Nc3 Qb6 6. e3 Qxb2 7. Bb5+ Bd7 8.
Bxd7+ Nbxd7 9. Nge2 Qa3 10. Rb1 b6 11. O-O a6 12. Bc7 e6 13. Bxb6 Rc8 14. Qd3
Rc4 15. Rb3 Qd6 16. Bc5 Rxc5 17. dxc5 Nxc5 18. Qb1 Nxb3 19. Qxb3 Be7 20. Qa4+
Nd7 21. e4 O-O 22. exd5 Nc5 23. Qc4 e5 24. Rd1 f5 25. Na4 Ne4 26. Ng3 Nxg3 27.
hxg3 h5 28. Nb6 Kh7 29. Qc6 e4 30. Qxd6 Bxd6 31. Kf1 f4 32. Nc4 Bc5 33. Nd2
fxg3 34. Nxe4 Bxf2 35. d6 Bb6+ 36. Ke2 h4 37. d7 Rf4 38. Kd3 Kg6 39. Rb1 Ba5
40. Nc5 Rf5 41. Nb7 Bc7 42. Ke4 Re5+ 43. Kd4 Re2 44. Rc1 Rd2+ 45. Ke4 Rxd7 46.
Kf3 Kh5 47. Nc5 Rf7+ 48. Ke4 Bb6 49. Ne6 h3 50. Rh1 h2 51. Nf4+ Kg4 52. Nd5 Bg1
53. Ne3+ Kg5 54. Nd1 Rf2 55. a4 Rd2 56. Nc3 Kg4 57. Nd5 Rxd5 58. Kxd5 Kf4 59.
Kc6 Ke3 60. Kb6 Kf2 61. Kxa6 Kxg2 0-1

[Event "USCL Quarterfinals"]
[Site "Internet Chess Club"]
[Date "2011.11.07"]
[Round "?"]
[White "Kavutskiy, Konstantin"]
[Black "Byambaa, Uyanga"]
[Result "1/2-1/2"]
[WhiteElo "2277"]
[BlackElo "2080"]
[PlyCount "78"]
[EventDate "2011.??.??"]

1. d4 f5 2. Bg5 Nf6 3. Bxf6 exf6 4. e3 d5 5. Bd3 Be6 6. Ne2 g6 7. Nbc3 Nc6 8.
a3 a6 9. Nf4 Bf7 10. h4 Qd7 11. Qf3 O-O-O 12. O-O Kb8 13. b4 g5 14. Nfe2 Be6
15. b5 axb5 16. Bxb5 g4 17. Qg3 Bd6 18. Nf4 Bxf4 19. exf4 Qd6 20. Bxc6 Qxc6 21.
Rfb1 Bc8 22. Rb4 Rhe8 23. a4 Re6 24. Qd3 Rde8 25. Qd2 g3 26. Rb3 gxf2+ 27. Kxf2
Qd6 28. Kg1 c5 29. Nb5 Qb6 30. Qc3 c4 31. Rbb1 Re2 32. a5 Qa6 33. Qb4 Rg8 34.
Qc5 Rgxg2+ 35. Kh1 Rh2+ 36. Kg1 Rhg2+ 37. Kh1 Rh2+ 38. Kg1 Rhg2+ 39. Kh1 Rh2+
1/2-1/2

[Event "USCL Quarterfinals"]
[Site "Internet Chess Club"]
[Date "2011.11.07"]
[Round "?"]
[White "Sadorra, Julio"]
[Black "Friedel, Josh"]
[Result "1-0"]
[WhiteElo "2561"]
[BlackElo "2609"]
[PlyCount "125"]
[EventDate "2011.??.??"]

1. Nf3 Nf6 2. c4 e6 3. Nc3 d5 4. d4 Be7 5. Bg5 h6 6. Bh4 O-O 7. e3 b6 8. Rc1
Bb7 9. Bxf6 Bxf6 10. cxd5 exd5 11. Bd3 Nd7 12. O-O c5 13. Bf5 g6 14. Bxd7 cxd4
15. Bc6 Bxc6 16. Nxd4 Bb7 17. Qf3 Bg7 18. Rfd1 Rc8 19. Nde2 Qe7 20. Qg4 Rc4 21.
Nf4 Qb4 22. Qd7 Qxb2 23. Qxb7 Rxc3 24. Rxc3 Qxc3 25. Qxd5 Bf6 26. Qe4 Qe5 27.
Qa4 Rd8 28. Rxd8+ Bxd8 29. g3 a5 30. Qd7 Be7 31. Nd5 Bc5 32. a4 Kg7 33. h4 Qe4
34. Nf4 Qb1+ 35. Kg2 Qe4+ 36. Kg1 Qb1+ 37. Kg2 Qe4+ 38. Kf1 Qb1+ 39. Ke2 Qe4
40. g4 Be7 41. h5 Qc2+ 42. Kf3 Bh4 43. Qd4+ Bf6 44. Qd3 Qxa4 45. hxg6 Qc6+ 46.
Ke2 b5 47. Nh5+ Kf8 48. Qf5 Qc4+ 49. Kf3 Bg5 50. g7+ Kg8 51. Qe5 Qc6+ 52. e4
Qd7 53. Kg3 Bd8 54. Kh3 a4 55. Qb8 Qd1 56. Kh2 Qd2 57. Kg2 Qd3 58. f3 a3 59.
Qe5 Qd7 60. Qb8 Qd2+ 61. Kh3 a2 62. Qxb5 Kh7 63. g8=Q+ 1-0

[Event "USCL Quarterfinals"]
[Site "Internet Chess Club"]
[Date "2011.11.09"]
[Round "?"]
[White "Bonin, Jay"]
[Black "Mandizha, Farai"]
[Result "0-1"]
[WhiteElo "2438"]
[BlackElo "2494"]
[PlyCount "70"]
[EventDate "2011.??.??"]

1. d4 e6 2. Nf3 f5 3. d5 exd5 4. Qxd5 Ne7 5. Qb3 Na6 6. Be3 Nc6 7. Nc3 Nc5 8.
Bxc5 Bxc5 9. e3 Bb6 10. Bd3 d6 11. a3 Bd7 12. O-O-O Qf6 13. Nd5 Qh6 14. Nxc7+
Bxc7 15. Qxb7 Rc8 16. Bb5 Bd8 17. Nd4 Rc7 18. Qa6 Nxd4 19. Rxd4 O-O 20. Bc4+
Be6 21. Bxe6+ Qxe6 22. Qxd6 Qc8 23. Qd5+ Kh8 24. Rd2 Bf6 25. Rhd1 h6 26. Kb1
Rc5 27. Qd6 Rc6 28. Qd5 Rb6 29. c4 Qb8 30. b4 Rxb4+ 31. axb4 Qxb4+ 32. Kc1 Qa3+
33. Kc2 Qc3+ 34. Kb1 Rb8+ 35. Ka2 Qb3# 0-1

[Event "USCL Quarterfinals"]
[Site "Internet Chess Club"]
[Date "2011.11.09"]
[Round "?"]
[White "Kacheishvili, Giorgi"]
[Black "Sammour-Hasbun, Jorge"]
[Result "0-1"]
[WhiteElo "2653"]
[BlackElo "2604"]
[PlyCount "92"]
[EventDate "2011.??.??"]

1. d4 d5 2. c4 c6 3. Nf3 Nf6 4. e3 a6 5. Bd3 g6 6. O-O Bg7 7. Nc3 O-O 8. h3
dxc4 9. Bxc4 b5 10. Bd3 c5 11. dxc5 Nfd7 12. Qe2 Nxc5 13. Rd1 Nbd7 14. e4 Bb7
15. Bg5 Rc8 16. Bc2 Re8 17. Nd4 Bxd4 18. Rxd4 Ne6 19. Rad1 Nxd4 20. Rxd4 Qc7
21. a4 Nc5 22. Be3 Ne6 23. Rd2 Red8 24. Rxd8+ Rxd8 25. axb5 axb5 26. Nxb5 Qa5
27. Bb3 Ba6 28. Bxe6 fxe6 29. Qg4 Qxb5 30. Qxe6+ Kf8 31. e5 Qc4 32. Qb6 Rd1+
33. Kh2 Kg7 34. b3 Qb5 35. Qe6 Rd7 36. Bg5 Qb7 37. f3 Bd3 38. Bh6+ Kxh6 39. Qg8
g5 40. f4 gxf4 41. h4 Bg6 42. Qf8+ Kh5 43. Qxf4 h6 44. g4+ Kxh4 45. Qxh6+ Kxg4
46. Qxg6+ Kf4 0-1

[Event "USCL Quarterfinals"]
[Site "Internet Chess Club"]
[Date "2011.11.09"]
[Round "?"]
[White "Krasik, Ilya"]
[Black "Bodek, Michael"]
[Result "0-1"]
[WhiteElo "2264"]
[BlackElo "2288"]
[PlyCount "164"]
[EventDate "2011.??.??"]

1. c4 e6 2. Nc3 Nf6 3. e4 c5 4. e5 Ng8 5. Nf3 Nc6 6. d4 cxd4 7. Nxd4 Nxe5 8.
Ndb5 a6 9. Nd6+ Bxd6 10. Qxd6 f6 11. Be3 Ne7 12. Qb4 N5c6 13. Qa3 Nf5 14. Nb5
Rb8 15. g4 Nxe3 16. Nd6+ Kf8 17. fxe3 Qa5+ 18. Qxa5 Nxa5 19. Rd1 Ke7 20. Rg1 b6
21. g5 f5 22. e4 fxe4 23. Rg4 Bb7 24. Rf4 Rhf8 25. Rh4 Rh8 26. Rf4 Rhf8 27. Rh4
h6 28. gxh6 gxh6 29. Rxh6 Bc6 30. Rh7+ Kf6 31. Rd2 e3 32. Rd3 Rh8 33. Rf7+ Ke5
34. b4 Rxh2 35. bxa5 bxa5 36. c5 Rb1+ 37. Rd1 Rxd1+ 38. Kxd1 Kd4 39. Nc4 e2+
40. Bxe2 Rxe2 41. Kxe2 Kxc4 42. Ke3 Kxc5 43. Rg7 d6 44. Ra7 Bb5 45. Rc7+ Kd5
46. Rc8 e5 47. Rh8 Bc6 48. Rh6 Kc5 49. Rh5 a4 50. a3 Be8 51. Rh8 Bf7 52. Rc8+
Kd5 53. Ra8 Bh5 54. Rxa6 Bd1 55. Ra8 Bb3 56. Rc8 Ke6 57. Rb8 d5 58. Re8+ Kd6
59. Rd8+ Ke7 60. Rb8 Kd7 61. Rh8 Bc2 62. Kd2 Bb3 63. Ke3 Bc4 64. Rh6 Bb5 65.
Rg6 Bc6 66. Rh6 Bb5 67. Rb6 Bc6 68. Rb8 Kd6 69. Rg8 Kc5 70. Rg5 e4 71. Kd2 Kd4
72. Rg3 Bb5 73. Rh3 Bd3 74. Rh4 Kc4 75. Rh5 d4 76. Rh8 e3+ 77. Kc1 Kc3 78. Rh3
e2 79. Rh1 Bc4 80. Rh3+ d3 81. Re3 Bb5 82. Rxd3+ Kxd3 0-1

[Event "USCL Semifinals"]
[Site "Internet Chess Club"]
[Date "2011.11.14"]
[Round "?"]
[White "Mandizha, Farai"]
[Black "Pressman, Leif"]
[Result "1/2-1/2"]
[WhiteElo "2494"]
[BlackElo "2381"]
[PlyCount "116"]
[EventDate "2011.??.??"]

1. g3 e5 2. Bg2 d5 3. c4 dxc4 4. Qa4+ c6 5. Qxc4 Be6 6. Qc2 g6 7. h4 Nd7 8. Nf3
h6 9. Nc3 Bg7 10. b4 Ne7 11. Rb1 O-O 12. d3 a5 13. b5 Rc8 14. Qd2 f5 15. O-O
cxb5 16. Nxb5 Nc5 17. Na7 Ra8 18. Ba3 b6 19. Nb5 Rc8 20. Rfd1 Nc6 21. h5 gxh5
22. d4 exd4 23. Nfxd4 Nxd4 24. Nxd4 Bxd4 25. Qxd4 Qxd4 26. Rxd4 Rb8 27. Rd6
Bxa2 28. Rbxb6 Rxb6 29. Rxb6 Rc8 30. Bh3 Na4 31. Rg6+ Kf7 32. Bxf5 Rc3 33. Bd6
Bb1 34. e4 Nc5 35. f3 a4 36. Kg2 Nd3 37. Rxh6 Ne1+ 38. Kf2 Nxf3 39. Bb4 Rb3 40.
Be6+ Kg7 41. Bxb3 Kxh6 42. Bd5 Ng5 43. Ke3 Kg6 44. Bc6 Bxe4 45. Bxe4+ Nxe4 46.
Kxe4 h4 47. g4 h3 48. Kf3 h2 49. Kg2 Kg5 50. Kxh2 Kxg4 51. Ba3 Kf3 52. Bb4 Ke3
53. Bf8 Kd3 54. Be7 Kc3 55. Bf6+ Kb3 56. Bg7 a3 57. Bf6 a2 58. Bg7 a1=B 1/2-1/2

[Event "USCL Semifinals"]
[Site "Internet Chess Club"]
[Date "2011.11.14"]
[Round "?"]
[White "Stripunsky, Alex"]
[Black "Kacheishvili, Giorgi"]
[Result "1-0"]
[WhiteElo "2694"]
[BlackElo "2653"]
[PlyCount "123"]
[EventDate "2011.??.??"]

1. d4 c5 2. d5 Nf6 3. c4 b5 4. cxb5 a6 5. e3 g6 6. Nc3 Bg7 7. Nf3 O-O 8. e4
axb5 9. e5 Ng4 10. Bxb5 Nxe5 11. Nxe5 Bxe5 12. Bh6 Re8 13. O-O Qb6 14. Qe2 Bd4
15. Rfe1 Na6 16. Rad1 Nc7 17. a4 Ba6 18. Qg4 Nxb5 19. axb5 Bxb5 20. d6 Bc6 21.
dxe7 Qxb2 22. Rxd4 Qxc3 23. Rdd1 Ra4 24. Qg3 Qxg3 25. hxg3 f6 26. Bf4 Kf7 27.
Bd6 c4 28. Re3 h5 29. Rd4 Ra1+ 30. Kh2 Rc1 31. g4 h4 32. Rf4 g5 33. Rf5 Kg6 34.
Bb4 Rd1 35. Bc3 Rd6 36. Re2 Ba4 37. f4 Bd1 38. Rd2 Bxg4 39. Rxd6 Kxf5 40. Rxf6+
Ke4 41. Bb4 gxf4 42. Bd6 Kd5 43. Rf8 Bh5 44. Bb4 Ke4 45. Kh3 c3 46. Kxh4 c2 47.
Bd2 Rxe7 48. Kxh5 Kd3 49. Bxf4 Re4 50. Bg5 Re5 51. Rc8 d5 52. g4 d4 53. Kg6 Ra5
54. Bf4 Ke4 55. Bd2 Ra6+ 56. Kh5 Kd3 57. Bg5 Ra1 58. Rc6 Rf1 59. Kg6 Rg1 60.
Kf5 Rf1+ 61. Bf4 Rf2 62. g5 1-0

[Event "USCL Semifinals"]
[Site "Internet Chess Club"]
[Date "2011.11.14"]
[Round "?"]
[White "Lu, Albert"]
[Black "Schmakel, Sam"]
[Result "1-0"]
[WhiteElo "2086"]
[BlackElo "2190"]
[PlyCount "99"]
[EventDate "2011.??.??"]

1. d4 d5 2. Bf4 Nf6 3. e3 c5 4. c3 Nc6 5. Nf3 e6 6. Bd3 Be7 7. O-O O-O 8. h3 b6
9. Nbd2 Bb7 10. Re1 Rc8 11. Rc1 a6 12. Qe2 b5 13. a4 c4 14. Bc2 Qb6 15. e4 dxe4
16. Nxe4 Nxe4 17. Qxe4 g6 18. Bh6 Nb4 19. Qe5 f6 20. Qxe6+ Qxe6 21. Rxe6 Nd5
22. Bxf8 Bxf8 23. Rce1 Kf7 24. axb5 axb5 25. Nd2 b4 26. Nxc4 Rxc4 27. Bb3 Rc7
28. Rb6 Kg7 29. Rxb7 Rxb7 30. Bxd5 Ra7 31. c4 Ra2 32. Rb1 f5 33. Kf1 Kf6 34.
Ke2 Ke7 35. c5 Ra7 36. Kd3 Bg7 37. Kc4 b3 38. Re1+ Kd8 39. Bc6 Rf7 40. Kd5 f4
41. Kc4 Bf6 42. Ra1 Rc7 43. Ra8+ Ke7 44. d5 Kf7 45. d6 Rxc6 46. Kd5 Bxb2 47.
Kxc6 Bf6 48. d7 b2 49. Rb8 Ke6 50. Rxb2 1-0

[Event "USCL Semifinals"]
[Site "Internet Chess Club"]
[Date "2011.11.14"]
[Round "?"]
[White "Amanov, Zhanibek"]
[Black "Friedel, Josh"]
[Result "0-1"]
[WhiteElo "2472"]
[BlackElo "2609"]
[PlyCount "68"]
[EventDate "2011.??.??"]

1. c4 Nf6 2. g3 e6 3. Nf3 d5 4. Bg2 Be7 5. O-O O-O 6. b3 c5 7. Bb2 Nc6 8. e3 b6
9. Nc3 Ba6 10. Qe2 Rc8 11. d3 Qd7 12. Rfd1 Rfd8 13. Rac1 h6 14. Ba1 d4 15. exd4
Nxd4 16. Nxd4 cxd4 17. Nb1 Re8 18. Bb2 e5 19. Nd2 Bd6 20. Qf1 Bb7 21. Re1 Bb4
22. Rcd1 Bxg2 23. Qxg2 Qf5 24. a3 Bxd2 25. Rxd2 Rcd8 26. h3 e4 27. dxe4 Nxe4
28. Rxd4 Ng5 29. Rxd8 Rxd8 30. f4 Nxh3+ 31. Kh2 Qh5 32. Qe2 Rd2 33. Qxd2 Ng5+
34. Kg2 Qh3+ 0-1

[Event "USCL Championship"]
[Site "Internet Chess Club"]
[Date "2011.11.20"]
[Round "?"]
[White "Young, Angelo"]
[Black "Herman, Matt"]
[Result "0-1"]
[WhiteElo "2415"]
[BlackElo "2426"]
[PlyCount "74"]
[EventDate "2011.??.??"]

1. Nf3 Nf6 2. g3 d5 3. Bg2 c6 4. d3 Bg4 5. Nbd2 Nbd7 6. h3 Bh5 7. g4 Bg6 8. Nh4
e5 9. e3 Bd6 10. Qe2 O-O 11. b3 a5 12. Bb2 a4 13. O-O Re8 14. g5 Nh5 15. Qg4 a3
16. Bc3 b5 17. Rad1 Qc7 18. Ba1 b4 19. Rc1 Nc5 20. Nxg6 hxg6 21. Bf3 Qe7 22.
Qg2 Kh7 23. Be2 Ne6 24. h4 d4 25. Bxh5 gxh5 26. Qxc6 Kg8 27. Nc4 Rad8 28. Rce1
Bb8 29. Qe4 Nc5 30. Qf3 e4 31. Qg2 exd3 32. cxd3 Nxd3 33. Rd1 dxe3 34. fxe3 Ba7
35. Bf6 Bxe3+ 36. Qf2 Bxf2+ 37. Rxf2 Qa7 0-1

[Event "USCL Championship"]
[Site "Internet Chess Club"]
[Date "2011.11.20"]
[Round "?"]
[White "Amanov, Mesgen"]
[Black "Kacheishvili, Giorgi"]
[Result "0-1"]
[WhiteElo "2576"]
[BlackElo "2653"]
[PlyCount "194"]
[EventDate "2011.??.??"]

1. d4 g6 2. c4 Bg7 3. Nc3 Nf6 4. Nf3 O-O 5. g3 d5 6. cxd5 Nxd5 7. Bg2 Nxc3 8.
bxc3 c5 9. O-O Nc6 10. e3 Bf5 11. Nh4 Bd7 12. Rb1 Na5 13. Qe2 Rc8 14. Nf3 cxd4
15. cxd4 a6 16. Re1 Bb5 17. Qd1 Qd7 18. Qd2 Nc4 19. Qb4 Rc7 20. e4 Nb6 21. Bf4
Rc2 22. Rbc1 Rfc8 23. Rxc2 Rxc2 24. Qb3 Qc8 25. d5 Qc3 26. Qxc3 Bxc3 27. Rc1
Rxc1+ 28. Bxc1 Bd3 29. Nd2 f5 30. exf5 gxf5 31. d6 exd6 32. Bxb7 a5 33. Nf1 d5
34. Ne3 d4 35. Nd5 Na4 36. f3 Bc4 37. a3 Nc5 38. Nb6 Bf7 39. Bc8 d3 40. Bxf5 d2
41. Bxd2 Bxd2 42. Bc2 Bc1 43. a4 Bg5 44. Kf2 Be6 45. f4 Bd8 46. f5 Bxb6 47.
fxe6 Nxe6+ 48. Ke1 Kg7 49. Kd2 Bg1 50. Ke1 Nd4 51. Be4 h6 52. Kf1 Be3 53. h4
Kf6 54. Bd3 Ke5 55. g4 Kf4 56. g5 hxg5 57. hxg5 Kxg5 58. Ke1 Kf4 59. Kd1 Ke5
60. Bg6 Kd6 61. Be8 Kc5 62. Bd7 Kb4 63. Be8 Bg5 64. Bd7 Nb3 65. Kc2 Nc5 66. Be8
Nxa4 67. Kb1 Nc3+ 68. Kc2 a4 69. Bf7 a3 70. Bg8 a2 71. Bxa2 Nxa2 72. Kd3 Nc3
73. Kd4 Bf6+ 74. Kd3 Kb3 75. Kd2 Kc4 76. Ke3 Be5 77. Kf3 Kd3 78. Kg4 Ke4 79.
Kg5 Nb5 80. Kg4 Nd6 81. Kg5 Kf3 82. Kh4 Ne4 83. Kh5 Kf4 84. Kg6 Nd6 85. Kh5 Bf6
86. Kg6 Ke5 87. Kh5 Kf5 88. Kh6 Ne8 89. Kh5 Ng7+ 90. Kh6 Bc3 91. Kh7 Kf6 92.
Kg8 Kg6 93. Kh8 Bd2 94. Kg8 Ne6 95. Kh8 Bh6 96. Kg8 Nf4 97. Kh8 Nh5 0-1